000 00616cam a22002293a 4500
001 4733
003 PGUSA
005 20140828083106.0
008 060413s2006||||xxu|||||s|||||000 1 eng d
040 _aPGUSA
_beng
042 _adc
050 4 _aPS
100 1 _aDay, Holman,
_d1865-1935
245 1 0 _aWhen Egypt Went Broke :
_bA Novel
_h[electronic resource] /
_cHolman Day
260 _bProject Gutenberg,
_c2006
506 _aPublic domain in the USA.
516 _aElectronic text
653 _aFiction
830 0 _aProject Gutenberg
_v4733
856 4 0 _uhttp://www.gutenberg.org/ebooks/4733
942 _cEB
999 _c234062
_d234062